| 000 | 00704nam a22002057a 4500 | ||
|---|---|---|---|
| 999 |
_c6344 _d6344 |
||
| 003 | AR-CdUCM | ||
| 008 | 190314b ||||| |||| 00| 0 spa d | ||
| 040 |
_aMUNICIPALIDAD PROVINCIAL DEL CUSCO _cBIBLIOTECA MUNICIPAL DEL CUSCO |
||
| 082 |
_a335.411 / _bT45 |
||
| 100 |
_aThalheimer, A. _918130 |
||
| 245 |
_aIntroducción al materialismo dialéctico : _bFundamentos de las teorías marxistas / |
||
| 260 |
_aBuenos Aires : _bClaridad, _c1946. |
||
| 300 |
_a147 paginas ; _c18 cm. |
||
| 500 | _aDonación familia Nieto. | ||
| 505 | _aContenido :Introducción al materialismo dialéctico. | ||
| 650 |
_aMaterialismo dialéctico _96846 |
||
| 650 |
_aMarxismo _924 |
||
| 942 |
_2ddc _cLIBROS |
||
| 945 | _arum | ||